000 00872cam a22002537a 4500
003 AE-DuALZ
005 20250326161120.0
008 010921s2014 ir akf g c 000 0 per d
040 _aAE-ALZAD
_cAE-ALZAD
041 0 _aper
_aeng
043 _aa-ir---
050 1 4 _aNA1489.D5
_bA4 2014
100 1 _aدیبا، كامران.
_919924
245 1 0 _aبریده جراید =
_bKamran Diba : News Clippings /
_cکامران دیبا.
260 _aتهران :
_bگالری آران،
_c2014.
300 _a35 p. :
_bill., plats, forms ;
_c28.5 cm.
546 _aText In Persian and English.
590 _aLB-AJLLC-8771
600 1 0 _aDiba, Kamran
_vExhibitions.
_95908
650 0 _aArchitecture
_zIran
_xHistory
_y20th century
_xDesigns and plans.
650 0 _aArchitecture
_zIran
_vExhibitions.
710 2 _a (تهران، إيران) گالری آران
942 _2lcc
_cBK
999 _c9622
_d9622